Statistics for Songs by Fleetwood Mac

Click here to take the quiz!

General Stats

  • This quiz has been taken 21 times
  • The average score is 6 of 10

Answer Stats

HintAnswer% Correct
1977The Chain
80%
Don't stop 2018Dreams
75%
1975Rhiannon
65%
Tango in the NightEverywhere
60%
1977Go your own way
60%
RumoursDon't Stop
50%
MirageGypsy
50%
1975Landslide
45%
Tango in the NightLittle Lies
45%
RumoursSilver Springs
45%

Score Distribution

Percentile by Number Answered

Percent of People with Each Score

Your Score History

You have not taken this quiz